The Trojan War Characters Enigma - Statistics

General Stats
  • This quiz has been taken 196 times
  • The average score is 12 of 26
Answer Stats
Hint Character % Correct
Hector A Greatest warrior of Troy Hector
99%
Achilles E kills A Achilles
87%
Paris N is A's brother Paris
83%
Helen K is abducted by N Helen
78%
Priam C is N's father Priam
65%
Patroclus I is E's close friend Patroclus
63%
Odysseus Q convinces E to join the war Odysseus
59%
Agamemnon P is G's brother Agamemnon
56%
Menelaus G is K's husband Menelaus
54%
Hera D is U's mother Hera
53%
Zeus B is D's husband Zeus
53%
Hephaestus U crafts an armor for E Hephaestus
52%
Aphrodite O is B's daughter Aphrodite
46%
Apollo M helps N to kill E Apollo
42%
Cassandra W is C's daughter Cassandra
41%
Athena L is Y's protector Athena
40%
Ajax the Great J fights Q for E's armor Ajax the Great
36%
Ares V has an affair with O Ares
33%
Andromache R is X's mother Andromache
28%
Astyanax X is the son of A Astyanax
26%
Aeneas F is the son of O Aeneas
24%
Briseis T is delivered by E to P Briseis
24%
Hecuba S is W's mother Hecuba
22%
Diomedes Y fights and injures O and V Diomedes
19%
Ajax the Lesser Z abducts W from L's Temple Ajax the Lesser
17%
Poseidon H saves F from E's attack Poseidon
10%
No matching quizzes found
Score Distribution
Percent of People with Each Score
Percentile by Number Answered
Your Score History
You have not taken this quiz